Milan Malpensa Airport Destinations (Milan, Italy) - Statistics

General Stats
  • This quiz has been taken 289 times
    143 since last reset
  • The average score is 145 of 209
Answer Stats
Airline Destination % Correct
Aeroitalia Rome (Fiumicino)
97%
Etihad Airways Abu Dhabi
96%
Emirates Dubai (International)
96%
Finnair Helsinki
96%
Air France/easyJet Paris (Charles de Gaulle)
96%
easyJet/Transavia Paris (Orly)
96%
Scandinavian Airlines Stockholm (Arlanda)
96%
All Nippon Airways Tokyo (Haneda)
96%
Aegean Airlines/easyJet/Ryanair/Sky Express/Wizz Air Athens
94%
Azerbaijan Airlines Baku
94%
Air China Beijing (Capital)
94%
Brussels Airlines Brussels
94%
Air Cairo/Egyptair/Neos/Nesma Airlines Cairo
94%
United Airlines Chicago (O'Hare)
94%
easyJet/TAP Air Portugal Lisbon
94%
easyJet/Wizz Air London (Gatwick)
94%
British Airways London (Heathrow)
94%
easyJet London (Luton)
94%
Ryanair London (Stansted)
94%
Air Dolomiti/easyJet/Lufthansa Munich
94%
American Airlines/Delta Air Lines/Emirates/Neos New York (JFK)
94%
airBaltic Riga
94%
LOT Polish Airlines/Neos/Wizz Air Warsaw (Chopin)
94%
Croatia Airways Zagreb
94%
Ethiopian Airlines Addis Ababa
93%
Royal Jordanian/Wizz Air Amman (Queen Alia)
93%
easyJet/Ryanair/Singapore Airlines/Vueling/Wizz Air Barcelona
93%
Ryanair/Wizz Air Bucharest
93%
Turkish Airlines Istanbul
93%
Norwegian Air Shuttle/Scandinavian Airlines Oslo
93%
Korean Air Seoul (Incheon)
93%
Bulgaria Air Sofia
93%
Ethiopian Airlines/Swiss International Air Lines Zürich
93%
easyJet/Ryanair Bari
91%
Scandinavian Airlines Copenhagen
91%
Air India Delhi
91%
Aer Lingus/Ryanair Dublin
91%
Air Dolomiti/Condor/Lufthansa Frankfurt
91%
Ryanair/Wizz Air Kraków
91%
Twin Jet Marseille
91%
easyJet/Ryanair Palermo
91%
Air China/China Eastern Airlines Shanghai (Pudong)
91%
Singapore Airlines Singapore
91%
Air Canada/Neos Toronto (Pearson)
91%
Nouvelair/Tunisair Tunis
91%
Thai Airways International Bangkok (Suvarnabhumi)
90%
Royal Air Maroc Casablanca
90%
Qatar Airways Doha
90%
easyJet Edinburgh
90%
Saudia/Wizz Air Jeddah
90%
Air Europa/Iberia/Ryanair/Wizz Air Madrid
90%
easyJet/Ryanair Manchester
90%
Gulf Air Nice
90%
flynas/Saudia Riyadh
90%
Ryanair Tallinn
90%
Air Albania/Wizz Air Tirana
90%
Wizz Air Vilnius
90%
easyJet/KLM Amsterdam
88%
Delta Air Lines Atlanta
88%
Air Serbia Belgrade
88%
Ryanair Berlin
88%
Ryanair/Wizz Air Budapest
88%
Kuwait Airways Kuwait City
88%
Air Canada Montréal (Trudeau)
88%
easyJet/Ryanair Naples
88%
easyJet/Ryanair Seville
88%
Air Algérie Algiers
87%
easyJet Bordeaux
87%
Delta Air Lines Boston
87%
Neos/Oman Air Muscat
87%
easyJet/Ryanair Porto
87%
LATAM Brasil São Paulo (Guarulhos)
87%
Aegean Airlines Thessaloniki
87%
Cathay Pacific Hong Kong
85%
easyJet/Ryanair/Wizz Air Málaga
85%
easyJet Prague
85%
easyJet/Icelandair/Wizz Air Reykjavík
85%
Croatia Airlines/easyJet Split
85%
arkia/easyJet/El Al/Neos/Wizz Air Tel Aviv
85%
easyJet/ITA Airways/Neos/Ryanair Cagliari
84%
easyJet/Eurowings Hamburg
84%
Twin Jet Lyon
84%
Qanot Sharq/Uzbekistan Airways Tashkent
84%
Ryanair/Wizz Air Valencia
84%
easyJet/Vueling Bilbao
82%
easyJet/Eurowings Düsseldorf
82%
Wizz Air Gdańsk
82%
Gulf Air Geneva
82%
Vietnam Airlines Hanoi
82%
easyJet/Neos Sal
82%
Ryanair/Vueling Alicante
81%
Middle East Airlines Beirut
81%
Scandinavian Airlines Bergen
81%
easyJet/Neos/Ryanair/Wizz Air Catania
81%
Eurowings Cologne/Bonn
81%
easyJet/Ryanair Malta
81%
American Airlines Philadelphia
81%
Ryanair Vienna
81%
Air China Chengdu (Tianfu)
79%
SunExpress İzmir
79%
La Compagnie/United Airlines Newark
79%
easyJet/Neos/Ryanair Palma de Mallorca
79%
Cyprus Airways/easyJet/Wizz Air Larnaca
78%
easyJet/Luxair Luxembourg
78%
Air Cairo/easyJet/Egyptair/Neos Luxor
78%
easyJet/Ryanair/Wizz Air Marrakech
78%
Turkmenistan Airlines Ashgabat
76%
Ryanair Gothenburg
76%
Aeroitalia/easyJet/Neos/Vueling Ibiza
76%
Saudia Medina
76%
easyJet Nantes
76%
easyJet Toulouse
76%
FlyOne/Wizz Air Yerevan
76%
SunExpress Antalya
75%
easyJet/Neos/Ryanair Santorini
75%
Eurowings Stuttgart
75%
Gulf Air Bahrain
74%
FlyOne/Wizz Air Chișinău
74%
easyJet/Neos/Ryanair/Wizz Air Heraklion
74%
Wizz Air Skopje
74%
easyJet Tbilisi
74%
easyJet/Neos/Ryanair/Wizz Air Tenerife (South)
74%
Ryanair Funchal
72%
EVA Air Taipei (Taoyuan)
72%
easyJet/Neos/Ryanair/Wizz Air Corfu
71%
easyJet/Neos Rhodes
71%
Hainan Airlines Chongqing
69%
easyJet/Neos/Ryanair Gran Canaria
69%
easyJet/Neos/Ryanair Kos
69%
Air Cairo/Air Horizont/easyJet/Neos/Red Sea Airlines/Wizz Air Sharm El Sheikh
69%
easyJet/Neos Menorca
68%
easyJet/Neos Mykonos
66%
Wizz Air Podgorica
66%
Wizz Air Pristina
66%
Ryanair Bratislava
65%
easyJet/Neos/Ryanair Brindisi
65%
Air Horizont/easyJet/Neos/Wizz Air Olbia
65%
easyJet Bristol
63%
easyJet Rabat
63%
China Eastern Airlines Xi'an
63%
Wizz Air Alexandria
62%
Neos Almaty
62%
easyJet/Neos/Ryanair Fuerteventura
62%
Hainan Airlines Shenzhen
62%
Air Cairo/easyJet Hurghada
60%
Azores Airlines Ponta Delgada
60%
Neos Cancún
59%
Scandinavian Airlines Stavanger
59%
easyJet/Ryanair Zadar
59%
easyJet Strasbourg
57%
MedSky Airways Tripoli (Mitiga)
57%
easyJet/Wizz Air Zakynthos
57%
easyJet/Neos/Ryanair Lanzarote
56%
easyJet/Neos Chania
53%
Neos Dakar (Diass)
53%
easyJet/Neos Rovaniemi
53%
easyJet/Neos Tromsø
53%
BeOnd/Neos Malé
50%
Neos/Nouvelair Djerba
49%
easyJet/Neos/Ryanair Lamezia Terme
49%
Air Horizont/AlbaStar/easyJet/Neos Marsa Alam
49%
Neos/Nouvelair Monastir
49%
Ryanair Alghero
47%
easyJet Kefalonia
46%
Neos Punta Cana
46%
Neos Havana
44%
Juneyao Air Zhengzhou
44%
Air Corsica Figari
43%
Air Horizont/easyJet/Wizz Air Lampedusa
43%
Ryanair Trapani
43%
Air Corsica Calvi
41%
easyJet/Neos/Wizz Air Skiathos
40%
Neos Zanzibar
40%
Wizz Air Kutaisi
38%
Neos Phuket
38%
Ryanair Reggio Calabria
38%
Neos Montego Bay
37%
Ryanair/Wizz Air Beauvais
35%
easyJet Salerno
35%
Air China Wenzhou
35%
Neos Mauritius
34%
airBaltic Tampere
34%
Neos Boa Vista
32%
easyJet Preveza/Lefkada
32%
Neos Samos
32%
easyJet A Coruña
31%
easyJet Biarritz
31%
Neos Enfidha
31%
easyJet Kittilä
31%
Ryanair Pescara
31%
Ryanair Plovdiv
31%
easyJet Giza
29%
Neos Karpathos
29%
Neos Mombasa
29%
Neos La Romana
28%
Qanot Sharq/Uzbekistan Airways Urgench
26%
Neos Amritsar
22%
Neos Comiso
22%
Neos Marsa Matruh
22%
Neos Nanjing
22%
Ryanair/Wizz Air Rzeszów
21%
Neos Salalah
21%
Wizz Air Suceava
21%
Neos Nosy Bé
19%
Neos Patras
19%
Hainan Airlines Guiyang
18%
Neos Cartagena
13%
easyJet Harstad/Narvik
10%
Neos Pointe-à-Pitre
7%
No matching quizzes found
Score Distribution
Percent of People with Each Score
Percentile by Number Answered
Your Score History
You have not taken this quiz since the last reset